Sports Quiz

Random Sports or Basketball Quiz

NBA Players In The 2012 Olympics Quiz Stats

Quiz not verified by Sporcle

Challenge
Share
Tweet
Embed
Score 0/40 Timer 07:00
0 Plays Today
COUNTRY PLAYER % Correct
USALeBron James
92%
USAKobe Bryant
88%
ArgentinaManu Ginobili
86.7%
SpainMarc Gasol
86.7%
SpainPau Gasol
86.7%
USACarmelo Anthony
86.7%
USAKevin Durant
85.3%
USARussell Westbrook
85.3%
USAChris Paul
84%
USAJames Harden
82.7%
USATyson Chandler
81.3%
USAAnthony Davis
81.3%
USAKevin Love
80%
USADeron Williams
80%
FranceTony Parker
78.7%
SpainSerge Ibaka
78.7%
USA Andre Iguodala
78.7%
Great BritainLuol Deng
74.7%
SpainJose Calderon
69.3%
BrazilNene Hilario
60%
COUNTRY PLAYER % Correct
BrazilLeandro Barbosa
58.7%
FranceNicolas Batum
58.7%
ArgentinaLuis Scola
57.3%
BrazilTiago Splitter
57.3%
BrazilAnderson Varejao
57.3%
FranceBoris Diaw
50.7%
RussiaAndrei Kirilenko
49.3%
ChinaYi Jianlian
48%
AustraliaPatrick Mills
45.3%
ArgentinaCarlos Delfino
40%
LithuaniaJonas Valanciunas
34.7%
RussiaTimofey Mozgov
34.7%
LithuaniaLinas Kleiza
33.3%
NigeriaAl Farouq Aminu
32%
FranceRonny Turiaf
29.3%
FranceKevin Seraphin
28%
ArgentinaPablo Prigioni
22.7%
Great BritainJoel Freeland
22.7%
SpainVictor Claver
18.7%
FranceNando de Colo
10.7%

You're not logged in!

Compare scores with friends on all Sporcle quizzes.
Sign Up with Email
OR
Log In

You Might Also Like...

Show Comments

Extras

Top Quizzes Today


Score Distribution

Your Account Isn't Verified!

In order to create a playlist on Sporcle, you need to verify the email address you used during registration. Go to your Sporcle Settings to finish the process.